Statistics for The Fresh Prince of Bel Air quiz.

Click here to take the quiz!

General Stats

  • This quiz has been taken 252 times
  • The average score is 3 of 15

Answer Stats

Hint Answer % Correct
Who is the first character you see in the first ever episode? (Not counting the opening credits)Geoffrey
58%
What is Uncle Phil's nickname given by his parents?Zeke
52%
In one episode, who thinks they're invisible?Ashley
36%
Overall, how much money does Will find in the cave? (Use a dollar sign and comma)$50,000
27%
Which one of Will's auntie's marries a white man?Helen
21%
What song does Will the Thrill dance to?Jump On It
14%
Who's concert did Will take his grandma to?Heavy D
14%
Who is Will's hero?Shaft
14%
What is Uncle Phil's pig called?Melvin
11%
What is Will's nicknake in Philedelphia?Chicken Will
11%
What breed of dog does Uncle Phil say he is going to get?Rottweiler
9%
When in Vegas, what landmark does Carlton want to see the most?The Hoover Dam
4%
What is the forbidden dance called?The Lambada
3%
When the Banks' house get's burgled, what is Will most concrened about?The video games
2%
Who sings the song that Carlton and Jackie dance to?Bobby Vinton
2%

Score Distribution

Percentile by Number Answered

Percent of People with Each Score

Your Score History

You have not taken this quiz